Chăo jüan tyhing gö [Cao yuan qing ge]
Elmentve itt :
| Szerző: | |
|---|---|
| Dokumentumtípus: | Kézirat |
| Kulcsszavak: | Népdal - kínai, Műfodítás - magyar |
| Online Access: | http://misc.bibl.u-szeged.hu/57099 |
| LEADER | 00620ntm a2200169 i 4500 | ||
|---|---|---|---|
| 001 | misc57099 | ||
| 005 | 20200925110231.0 | ||
| 008 | 200612suuuu hu o 0|| chi d | ||
| 040 | |a SZTE Miscellanea Repozitórium |b hun | ||
| 041 | |a chi | ||
| 041 | |a hun | ||
| 100 | 1 | |a Kalmár László | |
| 245 | 1 | 0 | |a Chăo jüan tyhing gö [Cao yuan qing ge] |h [elektronikus dokumentum] / |c Kalmár László |
| 300 | |a 14 fol. |c különb. nagys. | ||
| 561 | |a Kalmár László kínai hagyaték | ||
| 695 | |a Népdal - kínai, Műfodítás - magyar | ||
| 856 | 4 | 0 | |u http://misc.bibl.u-szeged.hu/57099/1/kalmar_kinai_levelezes_002_005.pdf |z Dokumentum-elérés |